000 00693nam a22002177a 4500
003 0
005 20250926134258.0
008 250926b xxu||||| |||| 00| 0 eng d
020 _a979-8-89161-637-0
050 _aHD 30.213
_b.P75 2025
100 _aPrice, Jeremy,
_eauthor.
245 _aBusiness intelligence and analytics /
_cJeremy Price.
260 _aJersey City, USA :
_bAlexis Press,
_c2025.
300 _ax, 298 pages ;
_c27 cm.
504 _aIncludes bibliographical references and index.
650 _aBusiness intelligence.
650 _aBusiness
_xData processing.
650 _aManagement
_xData processing.
650 _aDecision making
_xData processing.
942 _2lcc
_cBK
999 _c368110
_d368110